| 000 | 01238cam a2200253 4500 | ||
|---|---|---|---|
| 001 | ABS67044 | ||
| 008 | 030930n2003 000 0 eng u | ||
| 035 | _a(Sirsi) u123764 | ||
| 100 | _aVivian, J. | ||
| 245 | 4 | _aThe rent review | |
| 260 | _c2003 | ||
| 490 |
_aProperty Week _v68(34) 29 August 2003, 38-39(2) |
||
| 520 | _aFocuses on commercial property rent reviews and factors that can affect the outcome from the landlord and tenant perspective. Includes repair covenants, the Disability Discrimination Act 1995 and insurance. From the tenant's perspective, considers the Canary Wharf and Telegraph rent review. Looks at break clause wording and examines the "St Martins Property Investments v C I B Properties" (ChD, WB3326-27), and "H Turner and Son v Confederation Life" ([2002] EWHC 2924 (Ch), [2003] 21 EG 192). | ||
| 590 | _aABS | ||
| 650 | _aPROPERTY-COMMERCIAL PROPERTY | ||
| 650 | _aRENT REVIEWS | ||
| 650 | _aDISABILITY DISCRIMINATION ACT 1995 | ||
| 650 | _aCANARY WHARF INVESTMENTS V TELEGRAPH GROUP LTD | ||
| 650 | _aWELSH V GREENWICH LBC | ||
| 650 | _aST MARTINS PROPERTY LTD V CITICORP INVESTMENT BANK PROPERTIES LTD AND | ||
| 690 | _aPROPERTY-COMMERCIAL PROPERTY | ||
| 700 | _aWhite, G. | ||
| 942 | _n0 | ||
| 999 |
_c73492 _d73492 |
||